书目信息 |
| 题名: |
编译原理(第3版)习题精选与解析
|
|
| 作者: | 陈意云 , 张昱 编著 | |
| 分册: | ||
| 出版信息: | 北京 高等教育出版社 2014 |
|
| 页数: | 199页 | |
| 开本: | 24cm | |
| 丛书名: | ||
| 单 册: | ||
| 中图分类: | TP314-44 | |
| 科图分类: | ||
| 主题词: | 编译程序--高等教育--题解 | |
| 电子资源: | ||
| ISBN: | 978-7-04-040579-8 | |
| 000 | 00995nam0 2200253 450 | |
| 001 | 0103320794 | |
| 005 | 20150119102322.0 | |
| 010 | @a978-7-04-040579-8@dCNY19.00 | |
| 100 | @a20141118d2014 em y0chiy0120 ea | |
| 101 | 0 | @achi |
| 102 | @aCN@b110000 | |
| 105 | @ay zq 000yy | |
| 106 | @ar | |
| 200 | 1 | @a编译原理(第3版)习题精选与解析@9Bian Yi Yuan Li ( Di 3 Ban ) Xi Ti Jing Xuan Yu Jie;Xie Xi @f陈意云,张昱编著@b专著 |
| 210 | @a北京@c高等教育出版社@d2014 | |
| 215 | @a199页@d24cm | |
| 300 | @a“十二五”普通高等教育本科国家级规划教材配套参考书 | |
| 330 | @a本书共13章,内容包括:引论、词法分析、语法分析、语法制导的翻译、类型检查、运行时存储空间的组织和管理、中间代码生成、代码生成、独立于机器的优化、依赖于机器的优化、编译系统和运动时系统等。 | |
| 606 | 0 | @a编译程序@x高等教育@j题解 |
| 690 | @aTP314-44@v5 | |
| 701 | 0 | @a陈意云@9chen yi yun@f(1946~)@4编著 |
| 701 | 0 | @a张昱@9zhang yu@c(女,@f1972~)@4编著 |
| 801 | 0 | @aCN@bZL@c20140924 |
| 905 | @aBZT@dTP314@e57@f1@sTP314/57 | |
| 编译原理(第3版)习题精选与解析/陈意云,张昱编著.-北京:高等教育出版社,2014 |
| 199页;24cm |
| “十二五”普通高等教育本科国家级规划教材配套参考书 |
| ISBN 978-7-04-040579-8:CNY19.00 |
| 本书共13章,内容包括:引论、词法分析、语法分析、语法制导的翻译、类型检查、运行时存储空间的组织和管理、中间代码生成、代码生成、独立于机器的优化、依赖于机器的优化、编译系统和运动时系统等。 |
| ● |
| 相关链接 |
|
|
|
正题名:编译原理(第3版)习题精选与解析
索取号:TP314/57
 
预约/预借
| 序号 | 登录号 | 条形码 | 馆藏地/架位号 | 状态 | 备注 |
| 1 | 2000008918 | 2000008918 | 旧书回溯/ [索取号:TP314/57] | 在馆 |